[Event "Asia-ch U20 (girls)"]
[Site "Chennai IND"]
[Date "2008.12.08"]
[Round "3"]
[White "Aparna, Raja"]
[Black "Uthra, P"]
[Result "0-1"]
[WhiteElo "1753"]
[BlackElo "2114"]
[EventDate "2008.12.05"]
[PlyCount "81"]

1.e4 c5 2.Nf3 e6 3.d4 cxd4 4.Nxd4 a6 5.Nc3 Qc7 6.Be3 Nf6 7.Bd3 Bb4 8.Qd2 
d5 9.f3 e5 10.exd5 exd4 11.Bxd4 Qe7+ 12.Kf2 O-O 13.Rae1 Bxc3 14.Qxc3 Qd6 
15.Bc5 Qd8 16.Bxf8 Qxf8 17.Qd4 b5 18.b3 b4 19.Re2 Qd6 20.Rhe1 Bd7 21.Kg1 
Nc6 22.Qh4 Qxd5 23.Bc4 Qc5+ 24.Kf1 h6 25.Qf4 a5 26.h4 Rf8 27.g4 Nh7 28.Rd1
Be6 29.Bxe6 fxe6 30.Qe4 e5 31.Rd5 Qb6 32.Rd6 Rf6 33.Qd5+ Kh8 34.Rxe5 Qa6+ 
35.Kg2 Qc8 36.Rxc6 Rxc6 37.Qf7 Rxc2+ 38.Kg3 Nf6 39.g5 Qb8 40.f4 Qa8 41.f5 
0-1

[Event "Asia-ch U20 (girls)"]
[Site "Chennai IND"]
[Date "2008.12.08"]
[Round "3"]
[White "Bhakti, Kulkarni"]
[Black "Raghavi, Nagarajan"]
[Result "1/2-1/2"]
[WhiteElo "2163"]
[BlackElo "2099"]
[EventDate "2008.12.05"]
[PlyCount "53"]

1.d4 d5 2.c4 e6 3.cxd5 exd5 4.Nc3 c6 5.Qc2 Be7 6.Bf4 Nf6 7.e3 Nbd7 8.h3 
Nf8 9.Bd3 Ne6 10.Be5 h6 11.Nge2 O-O 12.O-O b6 13.Rfd1 Bb7 14.a3 Rc8 15.b4 
Ne8 16.Bf5 Nd6 17.Bxe6 fxe6 18.Nf4 Qd7 19.Bxg7 Kxg7 20.Qg6+ Kh8 21.Qxh6+ 
Kg8 22.Qg6+ Kh8 23.Nxe6 Rf7 24.Qh5+ Kg8 25.Qg6+ Kh8 26.e4 Rh7 27.Ng5 
1/2-1/2

[Event "Asia-ch U20 (girls)"]
[Site "Chennai IND"]
[Date "2008.12.08"]
[Round "3"]
[White "Bharathi, R"]
[Black "Gomes, Mary Ann"]
[Result "0-1"]
[WhiteElo "2031"]
[BlackElo "2298"]
[EventDate "2008.12.05"]
[PlyCount "124"]

1.e4 c5 2.Nf3 d6 3.d4 cxd4 4.Nxd4 Nf6 5.Nc3 a6 6.a4 Nc6 7.Be2 e5 8.Nb3 b6 
9.O-O Be7 10.Be3 O-O 11.Qd2 Be6 12.Rfd1 Qc7 13.Nd5 Bxd5 14.exd5 Nb8 15.c4 
a5 16.Nc1 Ne4 17.Qc2 Nc5 18.f4 Nbd7 19.Nd3 f5 20.Nxc5 bxc5 21.Rf1 e4 22.g4
g6 23.Kh1 Bf6 24.Rg1 Kh8 25.Bd2 Bd4 26.Bc3 Nf6 27.g5 Ne8 28.Rad1 Qg7 29.
Qd2 Bxc3 30.Qxc3 Qxc3 31.bxc3 Rb8 32.Rb1 Nc7 33.Kg2 Na8 34.Rb5 Rxb5 35.
axb5 Nb6 36.Ra1 a4 37.h4 Kg7 38.Kf2 Ra8 39.Ra3 h6 40.gxh6+ Kxh6 41.Kg3 Kg7
42.Kf2 Kf6 43.Kg3 Ke7 44.Kg2 Kd7 45.Kg3 e3 46.Kg2 Re8 47.Kg3 Kc7 48.Ra1 
Ra8 49.Ra3 Kb7 50.Kf3 Rh8 51.Kg3 Re8 52.Ra1 Ra8 53.Ra3 Nd7 54.Bd1 Nf6 55.
Rxa4 Rxa4 56.Bxa4 Ne4+ 57.Kf3 e2 58.Kxe2 Nxc3+ 59.Kd3 Nxa4 60.Kc2 Nb6 61.
Kc3 Kc7 62.Kd3 Kd7 0-1

[Event "Asia-ch U20 (girls)"]
[Site "Chennai IND"]
[Date "2008.12.08"]
[Round "3"]
[White "Bhuvaneshwari, R"]
[Black "Aparajita, Gochhikar"]
[Result "1/2-1/2"]
[WhiteElo "1650"]
[BlackElo "1918"]
[EventDate "2008.12.05"]
[PlyCount "60"]

1.c4 d6 2.Nc3 Nf6 3.g3 g6 4.Bg2 Bg7 5.d4 Nbd7 6.Nf3 O-O 7.O-O e5 8.e4 Nh5 
9.Be3 Nb6 10.b3 c6 11.Qd2 Qf6 12.d5 Qe7 13.Rad1 c5 14.Bh6 a6 15.h3 Bd7 16.
Bxg7 Kxg7 17.Ne2 Rae8 18.Qe3 Nc8 19.Nc3 Kh8 20.Qh6 f6 21.Nh4 Qg7 22.Qxg7+ 
Nxg7 23.Kh2 g5 24.Nf3 g4 25.hxg4 Bxg4 26.Rh1 f5 27.Rd3 Rf6 28.Kg1 Kg8 29.
Nh4 f4 30.Bh3 h5 1/2-1/2

[Event "Asia-ch U20 (girls)"]
[Site "Chennai IND"]
[Date "2008.12.08"]
[Round "3"]
[White "Dharani, Sree R"]
[Black "Harini, S"]
[Result "1/2-1/2"]
[WhiteElo "1733"]
[BlackElo "2001"]
[EventDate "2008.12.05"]
[PlyCount "123"]

1.c4 e5 2.Nc3 Nc6 3.g3 g6 4.Bg2 Bg7 5.d3 d6 6.Bd2 Nge7 7.a3 a5 8.Rb1 O-O 
9.Nf3 h6 10.O-O Be6 11.b4 axb4 12.axb4 d5 13.b5 Nd4 14.cxd5 Nxd5 15.Nxd5 
Bxd5 16.Nxd4 Bxg2 17.Kxg2 exd4 18.Qc1 Kh7 19.Qc4 Qd7 20.Rfc1 Rfe8 21.e3 
dxe3 22.Bxe3 Rac8 23.Re1 Rcd8 24.Rec1 Re7 25.Bc5 Re6 26.Be3 c6 27.bxc6 
Rxc6 28.Rxb7 Qxb7 29.Qxc6 Qxc6+ 30.Rxc6 Rxd3 31.Rc7 f5 32.Bc1 Kg8 33.Rc8+ 
Kf7 34.Rc7+ Kf8 35.Rc8+ Ke7 36.Rc7+ Rd7 37.Ba3+ Ke6 38.Rxd7 Kxd7 39.Bc1 
Ke6 40.Be3 Ke5 41.h4 Ke4 42.Bc1 Bf8 43.Bd2 Kd3 44.Be3 Ke2 45.Bc1 h5 46.Be3
Bb4 47.Bg5 Bc5 48.f4 Ke3 49.Bd8 Ke4 50.Ba5 Be3 51.Bc7 Ba7 52.Be5 Bd4 53.
Bb8 Ke3 54.Bd6 Ke4 55.Bb8 Kd5 56.Bc7 Kc6 57.Bd8 Bb6 58.Be7 Kd5 59.Ba3 Bc5 
60.Bb2 Ke4 61.Be5 Bd4 62.Bd6 1/2-1/2

[Event "Asia-ch U20 (girls)"]
[Site "Chennai IND"]
[Date "2008.12.08"]
[Round "3"]
[White "Gagare, Shalmali"]
[Black "Kiran, Manisha Mohanty"]
[Result "1-0"]
[WhiteElo "2110"]
[BlackElo "2261"]
[EventDate "2008.12.05"]
[PlyCount "85"]

1.d4 Nf6 2.Nf3 g6 3.g3 Bg7 4.Bg2 O-O 5.O-O d5 6.c4 dxc4 7.Na3 Nc6 8.Nxc4 
Be6 9.b3 a5 10.Ne3 Ng4 11.Nxg4 Bxg4 12.Bb2 Bf5 13.Re1 Be4 14.Ne5 Bxg2 15.
Kxg2 Bxe5 16.dxe5 Qxd1 17.Rexd1 Rfd8 18.Bc3 Kf8 19.Kf3 Ke8 20.Ke4 Rxd1 21.
Rxd1 Ra6 22.Rd5 e6 23.Rc5 Kd7 24.Kf4 b6 25.Rc4 b5 26.Rc5 b4 27.Bd2 a4 28.
Rc4 axb3 29.axb3 Ra2 30.Bxb4 Rxe2 31.Kf3 Rxe5 32.Bc3 Rh5 33.h4 Rb5 34.b4 
Kd6 35.Ke4 f5+ 36.Kd3 e5 37.f3 h5 38.g4 hxg4 39.fxg4 Ne7 40.gxf5 gxf5 41.
h5 Rb8 42.h6 Rh8 43.Rxc7 1-0

[Event "Asia-ch U20 (girls)"]
[Site "Chennai IND"]
[Date "2008.12.08"]
[Round "3"]
[White "Meenu, Rajendran"]
[Black "Janu, V"]
[Result "1-0"]
[WhiteElo "1977"]
[BlackElo "1768"]
[EventDate "2008.12.05"]
[PlyCount "79"]

1.e4 e5 2.Nf3 Nc6 3.Bc4 Bc5 4.c3 Nf6 5.d3 h6 6.b4 Bd6 7.O-O O-O 8.Nbd2 a6 
9.Re1 Be7 10.Bd5 d6 11.Bxc6 bxc6 12.d4 exd4 13.Nxd4 c5 14.Nc6 Qd7 15.Nxe7+
Qxe7 16.bxc5 dxc5 17.Qe2 Re8 18.f3 Bb7 19.Rb1 Bc6 20.c4 Rad8 21.Nb3 Nd7 
22.Be3 Qe6 23.Bxc5 Rb8 24.Be3 Rb4 25.Nd4 Rxb1 26.Nxe6 Rxe1+ 27.Qxe1 Rxe6 
28.Qa5 Ne5 29.Qxa6 Be8 30.Qc8 Nxc4 31.Bd4 c6 32.a4 Kh7 33.Qb8 Nd6 34.Bc5 
Nc4 35.Qb4 Ne5 36.a5 Nd3 37.Qc3 Nxc5 38.Qxc5 f6 39.a6 Re5 40.Qxe5 1-0

[Event "Asia-ch U20 (girls)"]
[Site "Chennai IND"]
[Date "2008.12.08"]
[Round "3"]
[White "Mohana, Priya J"]
[Black "Preethi, Rajkumar"]
[Result "1/2-1/2"]
[WhiteElo "2073"]
[BlackElo "2156"]
[EventDate "2008.12.05"]
[PlyCount "63"]

1.d4 Nf6 2.c4 e6 3.Nf3 b6 4.g3 Ba6 5.b3 Bb7 6.Bg2 a5 7.O-O d5 8.Ne5 Nc6 9.
Bb2 Bd6 10.Na3 O-O 11.Nb5 a4 12.Nxc6 Bxc6 13.bxa4 Qd7 14.Qc2 dxc4 15.Qxc4 
Bxg2 16.Kxg2 Rfc8 17.Rfc1 c6 18.Nxd6 Qxd6 19.Qb3 h6 20.f3 Nd7 21.e4 c5 22.
Rc4 cxd4 23.Rxd4 Qc6 24.Rc1 Nc5 25.Qc3 e5 26.Rd5 f6 27.Ba3 Qxa4 28.Bxc5 
bxc5 29.Rxc5 Qxa2+ 30.Rc2 Rxc5 31.Qxc5 Qf7 32.Qc4 1/2-1/2

[Event "Asia-ch U20 (girls)"]
[Site "Chennai IND"]
[Date "2008.12.08"]
[Round "3"]
[White "Nadig, Kruttika"]
[Black "Divyasri, CH"]
[Result "1/2-1/2"]
[WhiteElo "2387"]
[BlackElo "2124"]
[EventDate "2008.12.05"]
[PlyCount "102"]

1.e4 e5 2.Nf3 Nc6 3.Bb5 a6 4.Ba4 Nf6 5.O-O Nxe4 6.d4 b5 7.Bb3 d5 8.dxe5 
Be6 9.Nbd2 Bc5 10.Qe2 Nxd2 11.Bxd2 O-O 12.Rad1 Bg4 13.Qd3 Bxf3 14.Qxf3 
Nxe5 15.Qf5 Re8 16.Bg5 Qc8 17.Qxc8 Raxc8 18.Rxd5 Bd6 19.h3 Rb8 20.a4 h6 
21.Bd2 Nd7 22.Rf5 Re7 23.Re1 Rxe1+ 24.Bxe1 bxa4 25.Bxf7+ Kh7 26.Bc3 a3 27.
Bb3 Nc5 28.Rf7 Nxb3 29.Rxg7+ Kh8 30.cxb3 axb2 31.Rxc7+ Kg8 32.Rg7+ Kf8 33.
Bxb2 Rxb3 34.Rd7 Bf4 35.Bg7+ Ke8 36.Rd1 a5 37.Ra1 a4 38.Bxh6 Bxh6 39.Rxa4 
Kf7 40.h4 Kg6 41.g3 Rb2 42.g4 Bf8 43.Rf4 Be7 44.h5+ Kg5 45.Re4 Bd8 46.Kg2 
Bb6 47.Kh3 Rb3+ 48.Kg2 Rb2 49.Kh3 Rb3+ 50.Kg2 Rb2 51.Kh3 Rb3+ 1/2-1/2

[Event "Asia-ch U20 (girls)"]
[Site "Chennai IND"]
[Date "2008.12.08"]
[Round "3"]
[White "Sivasankari, P"]
[Black "Padmini, Rout"]
[Result "0-1"]
[WhiteElo "2089"]
[BlackElo "2235"]
[EventDate "2008.12.05"]
[PlyCount "96"]

1.d4 d5 2.c4 c6 3.Nf3 Nf6 4.Nc3 a6 5.cxd5 cxd5 6.Bf4 Nc6 7.e3 e6 8.Bd3 Bb4
9.O-O O-O 10.Rc1 Bd7 11.Ne5 Rc8 12.Bg3 Nxe5 13.Bxe5 b5 14.Qb3 Be7 15.e4 
dxe4 16.Nxe4 Bc6 17.Nc5 Bd5 18.Qd1 Rc6 19.a4 bxa4 20.Qxa4 Qa8 21.f3 Rfc8 
22.b4 Nd7 23.Bf4 e5 24.Bd2 Nb6 25.Qxa6 exd4 26.Qxa8 Nxa8 27.Bf5 Rb8 28.Nd3
Rxc1 29.Rxc1 Nb6 30.Bf4 Ra8 31.Bc7 Bg5 32.f4 Bd8 33.Be5 g6 34.Bg4 Ra2 35.
Bf3 Bc4 36.Rd1 Nd5 37.Bxd4 Be7 38.Nc1 Ra4 39.b5 Rb4 40.Bxd5 Bxd5 41.Be3 
Rxb5 42.Nd3 f6 43.Nf2 Kf7 44.h3 h5 45.Rc1 Bd6 46.Rc8 Rb4 47.g3 Rb3 48.Nd1 
Rd3 0-1

[Event "Asia-ch U20 (girls)"]
[Site "Chennai IND"]
[Date "2008.12.08"]
[Round "3"]
[White "Supriya, Joshi"]
[Black "Sowmia, A"]
[Result "1/2-1/2"]
[WhiteElo "1771"]
[BlackElo "1685"]
[EventDate "2008.12.05"]
[PlyCount "79"]

1.e4 c6 2.c4 d5 3.exd5 cxd5 4.cxd5 Qxd5 5.Nc3 Qd8 6.d4 Nf6 7.Nf3 a6 8.h3 
e6 9.Bd3 Bd6 10.O-O O-O 11.Bc2 h6 12.Qe2 Nbd7 13.Ne5 Re8 14.f4 Nf8 15.Ne4 
Nxe4 16.Qxe4 f5 17.Qe2 Bxe5 18.dxe5 Qc7 19.a4 Bd7 20.Be3 Bc6 21.a5 Bd5 22.
Bd3 Rac8 23.Rfc1 Qd7 24.Rxc8 Rxc8 25.Rc1 Rxc1+ 26.Bxc1 Qc6 27.Be3 Nd7 28.
Qc2 Qxc2 29.Bxc2 Nb8 30.Ba4 Nc6 31.Bxc6 Bxc6 32.Kf2 Kf7 33.g4 g6 34.Bc5 
Bd5 35.gxf5 gxf5 36.Ke3 Ke8 37.Bd6 Bg2 38.h4 h5 39.Kd4 Kd7 40.Kc5 1/2-1/2

[Event "Asia-ch U20 (girls)"]
[Site "Chennai IND"]
[Date "2008.12.08"]
[Round "3"]
[White "Sushmitha, G"]
[Black "Shristi, J Shetty"]
[Result "0-1"]
[WhiteElo "1558"]
[BlackElo "1959"]
[EventDate "2008.12.05"]
[PlyCount "122"]

1.e4 c5 2.Nf3 Nc6 3.Nc3 Nf6 4.Bc4 e6 5.d4 Na5 6.Be2 cxd4 7.Nxd4 Bb4 8.Bd3 
Bxc3+ 9.bxc3 d6 10.O-O e5 11.Nf5 Bxf5 12.exf5 O-O 13.Bg5 h6 14.Bh4 Qc7 15.
Bxf6 gxf6 16.Qh5 Kh7 17.Qh4 Qe7 18.Rae1 Rh8 19.Re3 Rag8 20.Rh3 Kg7 21.Rg3+
Kf8 22.Rxg8+ Kxg8 23.Re1 Kf8 24.Re3 Qd8 25.Rg3 Rh7 26.Qg4 Ke7 27.Qg8 Rh8 
28.Qxd8+ Kxd8 29.Kf1 d5 30.f3 Ke7 31.Ke2 Rc8 32.Kd2 Kf8 33.Rg4 a6 34.Ra4 
Rc5 35.Rh4 Kg7 36.Rg4+ Kh7 37.Rh4 Nc6 38.g4 Kg7 39.Rh5 Ra5 40.h4 Rxa2 41.
g5 hxg5 42.hxg5 fxg5 43.Rxg5+ Kf6 44.Rg8 Ra4 45.Rh8 Kg7 46.Rh5 f6 47.Rh2 
Ne7 48.Rg2+ Kf7 49.Rh2 Kg7 50.Rg2+ Kf8 51.Rg6 Nxg6 52.fxg6 Rh4 53.Ke3 a5 
54.Bb5 a4 55.c4 a3 56.cxd5 a2 57.d6 a1=Q 58.d7 Qd4+ 59.Ke2 Rh2+ 60.Ke1 
Qd2+ 61.Kf1 Qf2# 0-1

[Event "Asia-ch U20 (girls)"]
[Site "Chennai IND"]
[Date "2008.12.09"]
[Round "4"]
[White "Dharani, Sree R"]
[Black "Apurva, G"]
[Result "0-1"]
[WhiteElo "1733"]
[BlackElo "1909"]
[EventDate "2008.12.05"]
[PlyCount "88"]

1.c4 g6 2.Nc3 Nf6 3.g3 Bg7 4.Bg2 O-O 5.Nf3 d6 6.d4 c6 7.O-O Nbd7 8.Bf4 Nh5
9.Be3 e5 10.d5 c5 11.Rc1 h6 12.a3 f5 13.Qc2 g5 14.Bd2 e4 15.Ne1 Ne5 16.b3 
Kh8 17.e3 g4 18.a4 Nf6 19.Nb1 h5 20.Bc3 Nf3+ 21.Nxf3 exf3 22.Bh1 Ne4 23.
Bxg7+ Kxg7 24.Nd2 Qe7 25.Nxe4 fxe4 26.Qb2+ Qf6 27.Qxf6+ Kxf6 28.Rc2 Bd7 
29.Rcc1 a6 30.Rb1 b5 31.a5 bxc4 32.bxc4 Rab8 33.Rfc1 Rb4 34.Rxb4 cxb4 35.
c5 dxc5 36.Rxc5 Rc8 37.Rxc8 Bxc8 38.Bxf3 exf3 39.e4 b3 40.e5+ Kxe5 41.d6 
b2 42.h4 b1=Q+ 43.Kh2 Qf1 44.d7 Qg2# 0-1

[Event "Asia-ch U20 (girls)"]
[Site "Chennai IND"]
[Date "2008.12.09"]
[Round "4"]
[White "Divyasri, CH"]
[Black "Kiran, Manisha Mohanty"]
[Result "1/2-1/2"]
[WhiteElo "2124"]
[BlackElo "2261"]
[EventDate "2008.12.05"]
[PlyCount "152"]

1.e4 c5 2.c3 d5 3.exd5 Qxd5 4.d4 g6 5.Nf3 Bg7 6.Na3 Nf6 7.Bc4 Qe4+ 8.Be3 
O-O 9.O-O cxd4 10.Bxd4 Nc6 11.Re1 Qf4 12.Be3 Qb8 13.Bc5 Qc7 14.Nb5 Qf4 15.
Nbd4 Re8 16.Qb3 e6 17.Nxc6 bxc6 18.Qa4 Bb7 19.Rad1 Nd5 20.Nd4 e5 21.Ne2 
Qg4 22.Ng3 Red8 23.Qb3 Qc8 24.Ne4 Qc7 25.Nd6 Bc8 26.Nb5 cxb5 27.Bxd5 Bb7 
28.Bxb7 Qxb7 29.Bd6 a5 30.Bxe5 a4 31.Qc2 Bxe5 32.Rxe5 Rxd1+ 33.Qxd1 b4 34.
c4 b3 35.axb3 Qxb3 36.Qxb3 axb3 37.g3 Ra1+ 38.Kg2 Rb1 39.Re2 Rc1 40.Re3 
Rxc4 41.Rxb3 Rc1 42.Kf3 Kg7 43.Rb6 h5 44.b4 Rb1 45.h4 Rb2 46.b5 Rb4 47.Rb8
Kf6 48.b6 Kf5 49.b7 Kf6 50.Ke3 Kg7 51.Kd3 Rb6 52.Kc4 Rb1 53.Kc5 Rc1+ 54.
Kd6 Rd1+ 55.Ke5 Re1+ 56.Kf4 Rb1 57.f3 Rb2 58.g4 Rb4+ 59.Kg3 hxg4 60.fxg4 
Rb3+ 61.Kf4 Rb4+ 62.Ke3 Rb3+ 63.Kd4 Rb4+ 64.Kc5 Rb1 65.h5 gxh5 66.gxh5 
Rc1+ 67.Kd4 Rd1+ 68.Kc3 Rb1 69.h6+ Kh7 70.Kd4 Rd1+ 71.Ke5 Re1+ 72.Kf6 Rf1+
73.Ke7 Re1+ 74.Kxf7 Rf1+ 75.Ke6 Re1+ 76.Kf7 Rf1+ 1/2-1/2

[Event "Asia-ch U20 (girls)"]
[Site "Chennai IND"]
[Date "2008.12.09"]
[Round "4"]
[White "Gomes, Mary Ann"]
[Black "Gagare, Shalmali"]
[Result "1/2-1/2"]
[WhiteElo "2298"]
[BlackElo "2110"]
[EventDate "2008.12.05"]
[PlyCount "157"]

1.Nf3 g6 2.g3 Bg7 3.Bg2 c5 4.c4 Nc6 5.Nc3 d6 6.O-O e5 7.d3 Nge7 8.a3 O-O 
9.Rb1 a5 10.Bd2 Rb8 11.Qc1 b6 12.Bh6 Ba6 13.Bxg7 Kxg7 14.e3 b5 15.cxb5 
Bxb5 16.Nxb5 Rxb5 17.Rd1 Qb6 18.Bf1 Rb8 19.d4 Rxb2 20.Rxb2 Qxb2 21.dxc5 d5
22.a4 Qxc1 23.Rxc1 Rb4 24.Bb5 Kf6 25.Kf1 h6 26.Ke2 Ke6 27.Ne1 Rb2+ 28.Rc2 
Rb1 29.Nd3 e4 30.Nf4+ Ke5 31.Kd2 g5 32.Ne2 Rf1 33.Bxc6 Nxc6 34.Nd4 Rxf2+ 
35.Kd1 Rf1+ 36.Ke2 Rf6 37.g4 Rg6 38.Nf5 d4 39.exd4+ Nxd4+ 40.Nxd4 Kxd4 41.
c6 Rg8 42.c7 Rc8 43.Rc6 Kd5 44.Rxh6 Rxc7 45.Rf6 Kd4 46.Rf5 Rc2+ 47.Kd1 
Rxh2 48.Rxa5 Ra2 49.Rxg5 Rxa4 50.Rf5 Kd3 51.Rd5+ Rd4 52.Rf5 Rd7 53.g5 Ke3+
54.Ke1 Ra7 55.Kf1 Rb7 56.Rf6 Rd7 57.Ke1 Rd5 58.g6 Rb5 59.Kf1 Rb1+ 60.Kg2 
fxg6 61.Rxg6 Ke2 62.Ra6 Rb2 63.Rd6 e3 64.Ra6 Rc2 65.Ra7 Rd2 66.Ra1 Rd1 67.
Ra2+ Rd2 68.Ra1 Rc2 69.Ra7 Kd3+ 70.Kf3 Rf2+ 71.Kg3 Rc2 72.Kf3 Rf2+ 73.Kg3 
Rf6 74.Ra3+ Kd2 75.Ra2+ Kc3 76.Ra3+ Kd2 77.Ra2+ Kd1 78.Ra1+ Kc2 79.Ra2+ 
1/2-1/2

[Event "Asia-ch U20 (girls)"]
[Site "Chennai IND"]
[Date "2008.12.09"]
[Round "4"]
[White "Harini, S"]
[Black "Michelle, Catherina P"]
[Result "0-1"]
[WhiteElo "2001"]
[BlackElo "1713"]
[EventDate "2008.12.05"]
[PlyCount "58"]

1.e4 e5 2.Nf3 Nc6 3.Bb5 a6 4.Ba4 Nf6 5.O-O Nxe4 6.d4 b5 7.Bb3 d5 8.dxe5 
Be6 9.c3 Nc5 10.Bc2 Bg4 11.Re1 Qd7 12.Nbd2 d4 13.Nb3 dxc3 14.Qxd7+ Kxd7 
15.Nxc5+ Bxc5 16.Rd1+ Ke7 17.Be4 Rad8 18.Bg5+ f6 19.exf6+ gxf6 20.Rxd8 
Rxd8 21.Bh4 cxb2 22.Re1 Bb4 23.Rb1 Bc3 24.Kf1 Nd4 25.Nxd4 Rxd4 26.f3 Be6 
27.Bf2 Rxe4 28.Bc5+ Kf7 29.fxe4 Bxa2 0-1

[Event "Asia-ch U20 (girls)"]
[Site "Chennai IND"]
[Date "2008.12.09"]
[Round "4"]
[White "Janu, V"]
[Black "Sushmitha, G"]
[Result "1-0"]
[WhiteElo "1768"]
[BlackElo "1558"]
[EventDate "2008.12.05"]
[PlyCount "63"]

1.e4 c5 2.Nc3 d6 3.g3 g6 4.Bg2 Bg7 5.d3 e6 6.f4 Ne7 7.Nf3 O-O 8.O-O Nbc6 
9.Be3 Rb8 10.Rb1 b6 11.Kh1 d5 12.Bg1 Ba6 13.Re1 Qc7 14.exd5 exd5 15.d4 c4 
16.Ne5 Nxe5 17.fxe5 Rbd8 18.Be3 Qd7 19.Bg5 Bb7 20.Qd2 Bc6 21.Rf1 b5 22.
Rbe1 b4 23.Nd1 a5 24.Nf2 Bb5 25.c3 Rfe8 26.Bh3 Qb7 27.Ng4 Kh8 28.Bf6 Rf8 
29.Bxg7+ Kxg7 30.Qh6+ Kh8 31.Nf6 Nf5 32.Qxh7# 1-0

[Event "Asia-ch U20 (girls)"]
[Site "Chennai IND"]
[Date "2008.12.09"]
[Round "4"]
[White "Khushboo, M"]
[Black "Aparna, Raja"]
[Result "0-1"]
[WhiteElo "1827"]
[BlackElo "1753"]
[EventDate "2008.12.05"]
[PlyCount "92"]

1.e4 c5 2.Nc3 Nc6 3.g3 e6 4.Bg2 g6 5.d3 Bg7 6.Be3 b6 7.f4 Nge7 8.Bf2 d5 9.
e5 Ba6 10.Nf3 h5 11.h3 Qc7 12.a4 O-O-O 13.Ng5 Nf5 14.Ne2 Qe7 15.Nf3 f6 16.
exf6 Bxf6 17.c3 e5 18.fxe5 Nxe5 19.Nxe5 Bxe5 20.O-O Qg5 21.h4 Qg4 22.Nf4 
Bxf4 23.gxf4 Nxh4 24.Qxg4+ hxg4 25.Bxh4 Rxh4 26.Rad1 d4 27.c4 Bb7 28.Rd2 
Rdh8 29.Bxb7+ Kxb7 30.Rg2 Ka6 31.Kf2 Rh2 32.Rg1 Ka5 33.Ra1 Kb4 34.Ra3 g3+ 
35.Kxg3 R8h3+ 36.Kf2 Rxg2+ 37.Kxg2 Re3 38.Kf2 Rh3 39.Kg2 Re3 40.Kf2 a6 41.
Kf1 Rf3+ 42.Ke2 Rxf4 43.Kd1 g5 44.Kc2 Rf2+ 45.Kc1 g4 46.Ra2 g3 0-1

[Event "Asia-ch U20 (girls)"]
[Site "Chennai IND"]
[Date "2008.12.09"]
[Round "4"]
[White "Padmini, Rout"]
[Black "Bhakti, Kulkarni"]
[Result "0-1"]
[WhiteElo "2235"]
[BlackElo "2163"]
[EventDate "2008.12.05"]
[PlyCount "118"]

1.e4 c6 2.d4 d5 3.e5 c5 4.dxc5 Nc6 5.Nf3 e6 6.Be3 Nge7 7.Bd3 Ng6 8.Bxg6 
hxg6 9.c3 Qc7 10.Qa4 Bd7 11.Qf4 Rh5 12.g4 Rh8 13.Nbd2 a5 14.a4 f6 15.Bd4 
Nxd4 16.cxd4 g5 17.Qe3 b6 18.cxb6 Qxb6 19.O-O Rc8 20.b3 Qc6 21.Rfd1 Qc2 
22.Nf1 Rc3 23.Qd2 Bb4 24.Qxc2 Rxc2 25.Rac1 Rb2 26.Rb1 Rxb1 27.Rxb1 Bc8 28.
Rc1 Kd7 29.N1d2 Ba6 30.Kg2 Be2 31.Kg3 Rb8 32.h3 Ba3 33.Rc2 Bd1 34.Rc3 Rb7 
35.Kg2 Rb6 36.Kg3 Rb8 37.Kg2 Rb7 38.Kg3 Bb2 39.Rc5 Bxf3 40.Nxf3 Rxb3 41.
exf6 gxf6 42.Rxa5 Bxd4 43.Ra8 Bc5 44.Ra5 Rc3 45.Kg2 Rc2 46.Nd2 Bd4 47.Nb3 
Bxf2 48.Kf1 Bb6 49.Ra6 Be3 50.Ra8 d4 51.Ra7+ Kd6 52.Ra6+ Kd5 53.Ra5+ Kc4 
54.Nc5 d3 55.Nxd3 Kxd3 56.Ra6 Rf2+ 57.Ke1 Rg2 58.Rd6+ Bd4 59.Kf1 Rg1# 0-1

[Event "Asia-ch U20 (girls)"]
[Site "Chennai IND"]
[Date "2008.12.09"]
[Round "4"]
[White "Preethi, Rajkumar"]
[Black "Meenu, Rajendran"]
[Result "0-1"]
[WhiteElo "2156"]
[BlackElo "1977"]
[EventDate "2008.12.05"]
[PlyCount "106"]

1.e4 e5 2.Nf3 Nc6 3.Bb5 a6 4.Ba4 Nf6 5.O-O Be7 6.d4 exd4 7.Re1 d6 8.Nxd4 
Bd7 9.Bb3 O-O 10.c3 Re8 11.Nd2 Ne5 12.Nf1 c5 13.Nf5 Bxf5 14.exf5 Qd7 15.f4
Nc6 16.g4 d5 17.g5 c4 18.gxf6 Bc5+ 19.Be3 Bxe3+ 20.Nxe3 cxb3 21.Qg4 g6 22.
Qg5 Kh8 23.axb3 Rg8 24.Kf2 d4 25.cxd4 Qxd4 26.Re2 Nb4 27.Rd1 Nd3+ 28.Kf1 
Qe4 29.Rxd3 Qxd3 30.fxg6 Rxg6 31.Qe5 Qb1+ 32.Kf2 Qg1+ 33.Kf3 Qh1+ 34.Kf2 
Qxh2+ 35.Ke1 Qh4+ 36.Kd1 Qxf6 37.Qe4 Rg1+ 38.Kc2 Rc8+ 39.Kd3 Rd8+ 40.Kc2 
Qc6+ 41.Qxc6 bxc6 42.Nf5 Rd5 43.Ne7 Rc5+ 44.Kd2 Rg4 45.f5 Kg7 46.Rf2 Kf6 
47.Nc8 Rxf5 48.Rh2 h5 49.Na7 Rgf4 50.Ke3 Rf3+ 51.Kd2 Rf2+ 52.Rxf2 Rxf2+ 
53.Ke3 Rxb2 0-1

[Event "Asia-ch U20 (girls)"]
[Site "Chennai IND"]
[Date "2008.12.09"]
[Round "4"]
[White "Raghavi, Nagarajan"]
[Black "Nadig, Kruttika"]
[Result "0-1"]
[WhiteElo "2099"]
[BlackElo "2387"]
[EventDate "2008.12.05"]
[PlyCount "64"]

1.e4 c5 2.Nf3 g6 3.d4 Bg7 4.c3 cxd4 5.cxd4 Nf6 6.Nc3 d5 7.exd5 Nxd5 8.Bc4 
Nb6 9.Bb3 Nc6 10.Be3 O-O 11.d5 Nb4 12.Bd4 e5 13.Bc5 e4 14.Bxb4 exf3 15.
Bxf8 fxg2 16.Rg1 Qxf8 17.Rxg2 Bf5 18.Rg3 Be5 19.Re3 Bxh2 20.Qd4 Qh6 21.Ne2
Bd6 22.Rc1 Nd7 23.Rc4 Qh1+ 24.Kd2 Rd8 25.Rc1 Qh2 26.a3 b6 27.Qa4 Qxf2 28.
Rc6 Bc5 29.Re4 b5 30.Qa5 Bb6 31.Qb4 Bxe4 32.Qxe4 Nc5 0-1

[Event "Asia-ch U20 (girls)"]
[Site "Chennai IND"]
[Date "2008.12.09"]
[Round "4"]
[White "Sowmia, A"]
[Black "Mohana, Priya J"]
[Result "0-1"]
[WhiteElo "1685"]
[BlackElo "2073"]
[EventDate "2008.12.05"]
[PlyCount "102"]

1.e4 e5 2.Nf3 Nc6 3.Bc4 Bc5 4.c3 Qe7 5.O-O Nf6 6.d4 Bb6 7.Re1 d6 8.dxe5 
Nxe5 9.Nxe5 Qxe5 10.Qf3 Bg4 11.Qf4 O-O 12.Qxe5 dxe5 13.Na3 h6 14.Kf1 Rad8 
15.f3 Bd7 16.Be3 Bxe3 17.Rxe3 Bc6 18.Rd3 Rxd3 19.Bxd3 Nh5 20.g3 f5 21.exf5
Bxf3 22.Re1 Rd8 23.Re3 Bc6 24.Bc4+ Kf8 25.Rxe5 Nf6 26.Bb3 Ng4 27.Re2 Bf3 
28.Re6 Nxh2+ 29.Ke1 Bc6 30.Re2 Ng4 31.Rd2 Re8+ 32.Re2 Ne5 33.Bc2 Bf3 34.
Re3 Bd5 35.Kd2 Nf3+ 36.Ke2 Ne5 37.Kd2 Kf7 38.b3 Kf6 39.c4 Bc6 40.Nb1 Nf3+ 
41.Ke2 Nd4+ 42.Kd2 Rxe3 43.Kxe3 Nxc2+ 44.Kf4 Nd4 45.g4 g6 46.fxg6 Ne6+ 47.
Kg3 Kxg6 48.Nd2 Kg5 49.Nf1 Nc5 50.Nd2 Ne4+ 51.Nxe4+ Bxe4 0-1

[Event "Asia-ch U20 (girls)"]
[Site "Chennai IND"]
[Date "2008.12.09"]
[Round "4"]
[White "Supriya, Joshi"]
[Black "Bharathi, R"]
[Result "0-1"]
[WhiteElo "1771"]
[BlackElo "2031"]
[EventDate "2008.12.05"]
[PlyCount "84"]

1.d4 d5 2.Nf3 Nf6 3.e3 Bf5 4.c4 c6 5.Nc3 e6 6.Bd3 Bxd3 7.Qxd3 Nbd7 8.O-O 
Be7 9.e4 dxe4 10.Nxe4 O-O 11.b3 Qc7 12.Bb2 Rfd8 13.Rac1 c5 14.d5 exd5 15.
cxd5 Nxe4 16.Qxe4 Nf6 17.Bxf6 Bxf6 18.Qc4 Rac8 19.Rfd1 b6 20.b4 Qd7 21.b5 
Qe7 22.Re1 Qb7 23.Rcd1 Rd6 24.Rd3 Rcd8 25.Red1 h6 26.h3 Bd4 27.Nxd4 Qxd5 
28.Qc3 cxd4 29.Rxd4 Qxd4 30.Rxd4 Rxd4 31.Qc7 R8d7 32.Qc8+ Kh7 33.Qc2+ g6 
34.g3 Rd2 35.Qc6 Re7 36.Qf6 Re1+ 37.Kg2 Kg8 38.Qf4 Ree2 39.Qb8+ Kg7 40.
Qxa7 Rxf2+ 41.Kg1 Rxa2 42.Qxb6 Rfd2 0-1

[Event "Asia-ch U20 (girls)"]
[Site "Chennai IND"]
[Date "2008.12.09"]
[Round "4"]
[White "Thilakawardana, Supeshala"]
[Black "Sivasankari, P"]
[Result "0-1"]
[WhiteElo "1815"]
[BlackElo "2089"]
[EventDate "2008.12.05"]
[PlyCount "58"]

1.d4 c5 2.Nf3 e6 3.c3 Nf6 4.Nbd2 d5 5.e3 Nc6 6.Bb5 Bd7 7.Bxc6 Bxc6 8.Ne5 
Qc7 9.f4 Bd6 10.O-O O-O 11.g4 Ne4 12.Rf3 f6 13.Nxc6 Qxc6 14.Nxe4 dxe4 15.
Rh3 Qd5 16.Qe1 g6 17.Bd2 Rac8 18.Qf1 cxd4 19.cxd4 e5 20.f5 exd4 21.fxg6 
hxg6 22.exd4 Qxd4+ 23.Be3 Qc4 24.Qxc4+ Rxc4 25.Bxa7 f5 26.gxf5 gxf5 27.Rd1
Rf6 28.Bd4 Rxd4 29.Rxd4 Bc5 0-1

[Event "Asia-ch U20 (girls)"]
[Site "Chennai IND"]
[Date "2008.12.09"]
[Round "4"]
[White "Uthra, P"]
[Black "Shristi, J Shetty"]
[Result "0-1"]
[WhiteElo "2114"]
[BlackElo "1959"]
[EventDate "2008.12.05"]
[PlyCount "106"]

1.d4 Nf6 2.c4 c5 3.d5 e6 4.Nc3 exd5 5.cxd5 d6 6.e4 g6 7.f4 Bg7 8.Bb5+ Nfd7
9.a4 O-O 10.Nf3 Re8 11.Bd3 f5 12.Ng5 Nf8 13.Qb3 h6 14.Ne6 Nxe6 15.dxe6 
Bxc3+ 16.bxc3 Bxe6 17.Qxb7 Nd7 18.O-O Qb6 19.Qxb6 axb6 20.exf5 Bxf5 21.Bb5
Red8 22.Rd1 Nf6 23.c4 Bg4 24.Rd2 Ne4 25.Rd3 Bd7 26.Bxd7 Rxd7 27.Re3 Nf6 
28.Bb2 Kf7 29.f5 gxf5 30.Rf3 Ke6 31.Raf1 Rxa4 32.Rxf5 Ne4 33.Rh5 Rxc4 34.
Rxh6+ Kd5 35.h4 Rc2 36.Bc1 Rg7 37.Rd1+ Kc4 38.Bg5 Nxg5 39.hxg5 Rxg5 40.
Rdxd6 Rgxg2+ 41.Kf1 b5 42.Rh4+ Kb3 43.Rd3+ Kb2 44.Rh5 Rh2 45.Rxh2 Rxh2 46.
Rd5 Rc2 47.Ke1 b4 48.Kd1 b3 49.Rd8 c4 50.Rb8 Kc3 51.Rh8 Rd2+ 52.Ke1 b2 53.
Rb8 Rh2 0-1

[Event "Asia-ch U20 (girls)"]
[Site "Chennai IND"]
[Date "2008.12.10"]
[Round "5"]
[White "Aparna, Raja"]
[Black "Preethi, Rajkumar"]
[Result "0-1"]
[WhiteElo "1753"]
[BlackElo "2156"]
[EventDate "2008.12.05"]
[PlyCount "78"]

1.e4 c5 2.Nf3 Nc6 3.d4 cxd4 4.Nxd4 Nf6 5.Nc3 e5 6.Ndb5 d6 7.Bg5 a6 8.Na3 
b5 9.Bxf6 gxf6 10.Nd5 f5 11.exf5 Bxf5 12.c3 Bg7 13.Nc2 O-O 14.Nce3 Be6 15.
g3 f5 16.Bg2 Rc8 17.O-O Kh8 18.Qh5 Ne7 19.Rfd1 Nxd5 20.Nxd5 Rc5 21.a4 Bf7 
22.Qe2 e4 23.Nb4 a5 24.Nc2 bxa4 25.Rxa4 Qe8 26.Rda1 Qb8 27.Nd4 Qb6 28.Bh3 
Be8 29.Ne6 Bxa4 30.Rxa4 Rb5 31.Nxf8 Rxb2 32.Qe3 Rb1+ 33.Kg2 Qb5 34.c4 Qxa4
35.Bxf5 Qxc4 36.Bxe4 Qf1+ 37.Kf3 Re1 38.Qd3 Qxd3+ 39.Bxd3 Bxf8 0-1